[Event "RUS-ch qual 57th"]
[Site "Tomsk"]
[Date "2004.05.25"]
[Round "3"]
[White "Gajsin, Evgenij"]
[Black "Shariyazdanov, Andrey"]
[Result "1/2-1/2"]
[WhiteElo "2404"]
[BlackElo "2575"]
[Annotator "Gofshtein,L"]
[PlyCount "66"]
[EventDate "2004.05.23"]
[EventType "swiss"]
[EventRounds "9"]
[EventCountry "RUS"]
[SourceTitle "CBM 102"]
[Source "ChessBase"]
[SourceDate "2004.09.23"]
[SourceVersion "1"]
[SourceVersionDate "2004.09.23"]
[SourceQuality "1"]

1. e4 c5 2. Nf3 Nc6 3. d4 cxd4 4. Nxd4 e5 5. Nb5 d6 6. a4 {6.c4 is met more
often, totally discouraging the advance d6-d5} (6. c4) 6... Be7 {6...Nf6
deserves attention and as the practice shows black gets a good counterplay in
this case} (6... Nf6 $5 7. N1c3 a6 8. Na3 Bg4 9. f3 (9. Be2 Bxe2 10. Qxe2 d5
11. exd5 Nxd5 12. O-O Nxc3 13. bxc3 Bc5 $10 {Rublevskij-Babula,V/WchJ/1993/})
9... Be6 10. Bc4 Qb6 (10... Rc8 11. O-O Nb4 12. Bxe6 (12. Bb3 Be7 13. Be3 O-O
$10) 12... fxe6 $132 {0-1 Jansa,V-Votava,J/Lazne Bohdanec 1995/CBM 45/[Ftacnik]
(49)}) 11. b3 $5 Be7 12. Bxe6 fxe6 13. Nc4 Qd4 $132 {0-1 Stambulian,A-Tregubov,
P/Krasnodar 2001/EXT 2003 (62)}) 7. N1c3 a6 8. Na3 Be6 {8...Nf6 here also
deserves attention with a fine counterplay} (8... Nf6 $5 9. Be3 (9. Nc4 Nxe4 $5
10. Nxe4 d5 $132 {0-1 Farago,S-Meszaros,T/Budapest 2003/EXT 2004 (43)}) (9. Bc4
O-O 10. O-O Be6 11. Re1 Rc8 12. Bg5 Nb4 13. Bxf6 Bxc4 14. Bxe7 Qxe7 15. Nxc4
Rxc4 $132 {1/2-1/2 Zhigalko,A-Kasparov,S/Minsk 2001/CBM 81 ext (38)}) 9... Ng4
10. Nc4 Nxe3 11. Nxe3 O-O 12. Ncd5 Bg5 13. c3 g6 14. Bd3 f5 $132 {1/2-1/2
Saltaev,M-Rastenis,G/Moscow 1983/EXT 2002 (63)}) 9. Nc4 {9.Bc4 deserves
attention trying to take control over d5 square, which is white's main
positional idea. In this case white has a clear advantage} (9. Nd5 Nf6 10.
Nxf6+ Bxf6 11. Bc4 O-O 12. O-O Rc8 13. c3 Qd7 14. Be3 Ne7 15. Qd3 Qc6 16. Bxe6
fxe6 17. c4 Qxa4 18. Qxd6 Qc6 $10 {0-1 Mowsziszian,K-Christiansen,L/BL 9495 
(1995) ;BL 90 1995 (44)}) (9. Bc4 $5 Nf6 10. Bg5 O-O 11. Bxf6 Bxf6 12. O-O Rc8
(12... Bg5 13. Nd5 $14 {1-0 Lengyel,B-Meszaros,T/Budapest 2003/EXT 2004 (57)})
13. Nd5 Bg5 14. c3 Ne7 15. Qb3 Bxd5 16. Bxd5 Nxd5 17. Qxd5 $14 {1-0 Kovchan,
A-Kernazhitsky,L/Cappelle la Grande 2003/CBM 92 ext (53)}) 9... Nf6 $5 {
Worse is 9...Rc8. In this case as the next game shows white has a better
perspectives} (9... Rc8 10. Nd5 $5 Bxd5 11. exd5 Nb8 12. a5 Nd7 13. Be2 Ngf6
14. Be3 O-O 15. O-O $14 {]. 0-1 Ivanov,A-Friedman,A/Philadelphia 1995/EXT 2000
(72)}) 10. Be3 {[%csl Rb6][%cal Yc4b6] White is trying to take control over d5
but allows black to make an exchange combination} (10. Bg5 $5 Nd4 (10... Nxe4
11. Nxe4 Bxg5 12. Ncxd6+ Kf8 13. Nxb7) 11. Bxf6 Bxf6 12. Nd5 Bxd5 13. exd5 $14)
10... Nxe4 $5 {Black sharpens the game and is trying to get an active
counterplay. In case of the quiet 10...0-0 white would have had a minimal
advantage} (10... O-O 11. Nb6 Rb8 12. Be2 Nb4 13. Bf3 $14 {1-0 Beliavsky,
A-Adamec,A/Prague 1990/EXT 2004 (36)}) 11. Nxe4 d5 12. Nb6 dxe4 {Black
sacrifices the exchange and gets an active position and chances for an attack.
In case of 12...Rb8 the minimal advantage is on white's side} (12... Rb8 13.
Nc5 d4 14. Nxe6 fxe6 15. Nc4 dxe3 16. Nxe3 $14) 13. Nxa8 Qxa8 14. a5 $5 {
Freeing the a4 square for the white pieces} O-O 15. c3 {[%csl Rd4][%cal Rd1a4]
White restricts the black knight and free the route along the d1-a4 diagonal
for his queen} f5 16. Qa4 $5 {[%cal Rf1c4] Activizing the queen and trying to
exchange the black bishop after 17.Bc4} Kh8 17. Bc4 Bd7 18. O-O (18. Bb6 $5 Qe8
19. O-O f4 20. Bd5 Nd4 $16 (20... Nb4 21. Qb3 Nxd5 22. Qxd5) 21. Qd1 Bc6 22.
Bxc6 Nxc6 $16) 18... Qe8 (18... f4 19. Bb6 f3 20. Bd5 Qc8 21. Qxe4 Bh3 22. Rfe1
Bxg2 23. Bxc6 bxc6 24. Qxe5 $16) 19. Bb6 f4 20. Rad1 $6 {After a number of
energetic moves white recieved a clear advantage. After 20.Bd5 his chances
would be clearly preferable} (20. Bd5 $5) 20... f3 $5 {Black uses the chance
and goes for a counterattack} 21. Rxd7 {Getting rid of black's dangerous
bishop. 21.Rfe1 was also possible with an unclear game} (21. Rfe1 fxg2 (21...
Nd4 22. Qa2 Nc2 23. Rxe4 Qg6 24. g3 Qxe4 25. Rxd7 $16) 22. Qc2 Bf5 23. Qe2 $13)
21... Qxd7 22. Rd1 Qg4 23. g3 (23. Bf1 fxg2 24. Bxg2 Qe2 $132) 23... Bg5 {
Activizing the bishop and creating the threat e4-e3} (23... e3 24. Bxe3 Nxa5
25. Qxa5 Qxc4 26. Qxe5 $132) 24. Bf1 $5 {Defending against the threat e4-e3
and watching the e4 pawn} Qf5 25. Re1 {[%cal Ra4e4,Re1e4] Attacking the pawn
on e4 and planning to take it} Bd2 $5 {With the aid of tactics black escapes
white's pressure} 26. Rxe4 Nd4 $1 27. Bd3 $8 (27. Qb4 Rc8) 27... Qh3 28. Bf1
Qf5 {It's difficult for both sides to avoid the repetition of moves. So the
drawish outcome is inevitable} 29. Qb4 Rc8 30. Bd3 Qh3 31. Bf1 Qf5 32. Bd3 Qh3
33. Bf1 Qf5 1/2-1/2

[Event "Tata Steel-A 75th"]
[Site "Wijk aan Zee"]
[Date "2013.01.26"]
[Round "12"]
[White "Carlsen, Magnus"]
[Black "Nakamura, Hikaru"]
[Result "1-0"]
[WhiteElo "2861"]
[BlackElo "2769"]
[Annotator "Gormally,D"]
[PlyCount "61"]
[EventDate "2013.01.12"]
[EventType "tourn"]
[EventRounds "13"]
[EventCountry "NED"]
[EventCategory "20"]
[SourceTitle "CBM 153"]
[Source "ChessBase"]
[SourceDate "2013.03.14"]
[SourceVersion "1"]
[SourceVersionDate "2013.03.14"]
[SourceQuality "1"]

{One of the most keenly awaited clashes in the chess world these days, is the
quite regular battles between the Norwegian Wunderkind Magnus Carlsen, and the
highly entertaining, often explosive, American player Hikaru Nakamura.  The
only problem is from Nakamura's point of view, these clashes have become
worryingly one-sided. For all Nakamura's incredible talent, he has yet to beat
Carlsen in a classical game - a fact that must frustrate the American, who has
defeated pretty much everyone else at the top of the world's elite at some
time or another.  So you may ask, why is this clash so interesting? Well I
think Nakamura brings out the best in Carlsen, as the American's ultra
aggressive style tends to force Magnus into full combat from an early stage of
the game, when most of the time the Norwegian is happy enough grinding away in
an endgame.   Their round 12 clash in Wijk aan Zee was a good example of this
- Nakamura played an adventurous opening, but Carlsen soon clamped down on his
aggressive ideas, before quickly turning to his own deadly intentions.} 1. e4
c5 2. Nf3 Nc6 3. d4 cxd4 4. Nxd4 e5 5. Nb5 d6 {Probably not the opening
Carlsen was expecting, but Nakamura is very similar to Ivanchuk - he can play
pretty much anything, and play it pretty well.} 6. g3 $1 {Very typical of
Carlsen's style - he is not actively trying to refute openings, like a
Kasparov, but rather just building up a slight advantage, before viciously
outplaying the opposition in the middlegame and endgame. But beware of drawing
him into a battle - just because his natural style is to grind, doesn't mean
he can't mix it with the best of them.   Aware of the dangers of being ground
down in 80 moves, Nakamura now lashes out with a spiky lunge on the kingside -
however this is a risky strategy, as his king will never now be completely
safe in any part of the board.} h5 $5 {I used to play some guy on the Internet
chess club, in the one minute pool, who would thrust his h-pawn down the board
at any opportunity. In fact he rarely bothered to wait this long, he would
invariably start with 1..h5! (I think his name was something like Soong Loong,
and he would gleefully mock me everytime he beat me with one of his horrible
openings.)  Funnily enough his strategy was far more dangerous than it seemed
at first glance - particularly when you only have 1 minute on your clock!
Doubtless Nakamura himself has had to face down Soong Loong many times as well,
as a one time regular visitor of the ICC.  In this particular example though
you could argue that Nakamura's advance makes perfect sense- with White
already commited to an early fianchetto - he is looking to soften up Carlsen's
kingside and get some action going down the h-file.} (6... Be6 {was a more
passive approach - if Black is not careful White will nurse a strategic
advantage to the end of the game, due to the long-term hole on d5.} 7. Bg2 Be7
8. N1c3 Nf6 9. Nd5 O-O 10. O-O Qc8 11. a4 Qd7 12. Na3 Bh3 13. Bxh3 Qxh3 14. Be3
Rfd8 15. c3 h6 16. Qd3 Nxd5 17. Qxd5 Bg5 18. Rfe1 Rd7 19. Rad1 Ne7 20. Qb3 Bxe3
21. Rxe3 a6 22. Nc2 Qe6 23. Qxe6 fxe6 24. Red3 d5 25. Ne3 Rad8 26. Nc4 Ng6 27.
a5 d4 28. Nb6 Rd6 29. h4 h5 30. Kf1 Kf7 31. Ke2 Ke7 32. b4 Nf8 33. Nc4 Rc6 34.
Nxe5 Rxc3 35. Rxc3 dxc3 36. Rxd8 Kxd8 37. Kd3 Ke7 38. Kxc3 Kd6 39. Kd4 {
1-0 Ivanchuk,V (2735)-Maidla,V (2370)/Tallinn 1996/CBM 050 ext}) 7. N1c3 a6 8.
Na3 b5 (8... h4 9. Bg2 h3 $5 (9... Nf6 {keeping the tension, was also possible}
10. Bg5 hxg3 11. hxg3 Rxh1+ 12. Bxh1 Be7 {when Black seems fine}) 10. Bf1 b5
11. Nd5 Nce7 $6 {slightly eccentric play which backfires -} (11... Nf6 12. Bg5
Qa5+ 13. Bd2 Qd8 {and White probably has nothing better than returning to g5
with the bishop}) 12. Bg5 f6 13. Be3 Nxd5 14. Qxd5 Rb8 15. O-O-O Ne7 16. Qxd6
Qxd6 17. Rxd6 Nf5 18. Rb6 Rxb6 19. Bxb6 Nd6 20. f3 Be6 21. Bc5 Be7 22. Be2 Nb7
23. Bxe7 Kxe7 24. b3 Nd6 25. c3 g6 26. Nc2 a5 27. Rd1 f5 28. exf5 gxf5 29. Bf1
f4 30. gxf4 exf4 31. Nd4 Bd7 32. Ne2 Bc6 33. Nxf4 Bxf3 {1-0 Nunn,J (2600)
-Short,N (2635)/Wijk aan Zee 1990/CBM 017}) 9. Nd5 {White now has ideas of
playing Be3 and c4 - threatening to make speedy progress on the queenside, a
very typical strategy for White in these sorts of systems. By contrast, what
aggressive plan can Black muster? Not such an easy question to answer, and
even the ever-inventive Nakamura can't seem to provide an convincing recipe.}
Nge7 10. Bg2 Bg4 $6 ({In the after game press conference, Carlsen explained
that he expected} 10... Nxd5 11. exd5 Ne7 {which he seemed to think was fairly
acceptable for Black.} 12. c4 Bd7 {and with ideas like ...h4 and also Nf5-d4
coming, Black is more than ok, although of course the game remains very sharp.
Instead of this, Naka seems to "drift".}) 11. f3 Be6 12. c3 h4 13. Nc2 {
Magnus is building up slowly, ignoring Black's aggressive intentions on the
kingside - he doesn't believe that it's going to go anywhere. Before he
commits to any actions on the queenside, he first takes the d4-square under
control - now a4 is in the air.} Bxd5 $6 {This exchange is only risky for
Black, as the light-square weaknesses in his position now become appreciable.}
({Black could of course exchange rooks on the h-file, but that would only work
out in White's favour -} 13... hxg3 14. hxg3 Rxh1+ 15. Bxh1 {and now while
White has ideas of playing a4, or even f4, Black really lacks a plan.}) ({
It looks unpleasant, but perhaps} 13... f6 {with the idea of putting the king
on f7 would have been the safest, as then} 14. f4 {is not particularly
dangerous, as f5 will lead nowhere and the e5-square is solidly defended.}) 14.
exd5 Na5 15. f4 $1 {Of course! Carlsen now switches to full Kasparov turbo
boost mode, his intentions becoming every more aggressive with every passing
move.} Nf5 $6 ({Carlsen felt that} 15... hxg3 16. hxg3 Rxh1+ 17. Bxh1 Qd7 {
was more accurate, with the idea of ...Qh3.} 18. Bg2 exf4 19. Bxf4 Ng6 {
seems ok for Black.}) 16. g4 $1 h3 17. Be4 Nh4 {Kasparov, commenting on the
game afterwards, seemed to elude to the idea that this was the decisive error,
suggesting that Black needed to play} (17... Qh4+ 18. Kf1 Ne7 ({The misguided
attempt to "attack" with} 18... Nh6 19. g5 Ng4 {only backfires on Black, after}
20. Qe2 {White is already threatening Bf5, trapping the errant knight}) {
However after the calm reply} 19. Qe2 {it is not obvious what Black's
follow-up is.  In fact as we shall see, Black has not stepped over the line
just yet.}) 18. O-O g6 19. Kh1 {A useful prophylatic move. Just in case, White
tidies his king away.} Bg7 ({Carlsen was not afraid of} 19... f5 {indicating
that after} 20. Bd3 e4 21. Be2 {Black's "initiative" has come to a halt and
the weakness incurred on e6 is likely to become significant, with Nd4 coming.})
20. f5 $5 {I admit that this probably wouldn't have been my choice, but then
I'm not the world number one!} ({White had a number of useful options,
including the immediate} 20. Nb4) 20... gxf5 21. gxf5 Ng2 $2 {But only this
mistake really sends Black plummeting over the precipice. Nakamura tries to
increase his control over the dark squares, but this turns out to be far too
slow.} ({The game would have remained reasonably unclear after either} 21...
Bf6) ({Or} 21... Bh6) 22. f6 $1 {Probably the single greatest reason why
Carlsen has risen to such giddy heights lately, and now holds an unshakeable
grip over the world number one spot.  Unlike other elite grandmasters, who
occasionally let tactical mistakes by their opponents go by, Carlsen seems to
have a shark-like ability to smell the blood in the water - and subsequently
he will ruthlessly pounce on the slightest slip. This he has in common with
the great champions of sport - like Federer, Messi and Woods - his ruthless
streak and instinctive ability to sense when his opponent is weakening, and
subsequently likely to make a mistake.  It would seem that Carlsen has
Nakamura's "number" and seems to know exactly when the American will err. 
(talking about "having someone's number", I believe I've lost pretty much
every blitz game I've ever played against Nakamura since he became a strong
grandmaster, which just gives an example of the difference between these top
guys and lesser mortals like myself.)  This impetuous pawn wanders deep into
the black kingside, forcing the ignomonious retreat of the black bishop.} Bf8 {
A sorry retreat, but there was little better.} ({Black loses material after} 
22... Bxf6 23. Qf3 Rh4 24. Bg5 $1) ({And} 22... Bh6 {is no longer possible -
White wins on the spot with} 23. Qh5 {as ...Qf6 is clearly no longer possible.}
) 23. Qf3 {Looking at Black's useless knights on g2 and a5, the phrase
"knights on the rim are dim" never seemed more pertinent. Completely devoid of
any meaningful counterplay, all Black can do now is thrash around uselessly
waiting for the killer blow.} Qc7 24. Nb4 Nb7 25. Nc6 {The final nail in
Black's coffin. The knight on c6 and pawn on f6 form an unbreakable cage
around the black king.} Nc5 26. Bf5 Nd7 27. Bg5 Rg8 28. Qh5 Nb6 29. Be6 Rxg5
30. Qxg5 fxe6 31. dxe6 1-0

[Event "FIDE World Cup"]
[Site "Khanty-Mansiysk"]
[Date "2011.09.09"]
[Round "5.1"]
[White "Svidler, Peter"]
[Black "Polgar, Judit"]
[Result "1/2-1/2"]
[WhiteElo "2739"]
[BlackElo "2699"]
[Annotator "Grivas,E"]
[PlyCount "34"]
[EventDate "2011.08.28"]
[EventType "k.o."]
[EventRounds "7"]
[EventCountry "RUS"]
[SourceTitle "CBM 145"]
[Source "ChessBase"]
[SourceDate "2011.11.11"]
[SourceVersion "1"]
[SourceVersionDate "2011.11.11"]
[SourceQuality "1"]

1. e4 c5 2. Nf3 Nc6 3. d4 cxd4 4. Nxd4 Qb6 5. Nb3 Nf6 6. Bd3 {This is what I
call the Eros variation subline - a big survey was published in CBM 140. By
choosing the text move White retains the possibility of a well-timed c4, but
Black should face no problems if she reacts at the right moment with the
typical ...d5 advance.} e6 (6... d5 {is also a good alternative:} 7. exd5 Nxd5
8. O-O e5 $1 {and Black is doing well according to my extensivly published
analysis.}) 7. O-O Be7 8. c4 (8. Nc3 d6 9. Be3 Qc7 10. f4 a6 {transposes to
more 'main' lines, where White can choose between: a)} 11. a4 {- the Hermes
variation} ({b)} 11. a3 {- the Hestia variation}) ({c)} 11. Qe2 {- the Athena
variation}) ({d)} 11. Qf3 {- the Zeus variation.})) 8... d5 ({This is
objectively the best continuation. Black has also tried} 8... Ne5 9. Nc3 a6 10.
Be2 d6 11. Be3 Qc7 12. Rc1 b6 13. f4 Ned7 14. Bf3 Bb7 15. Qe2 O-O 16. Nd4 $14 {
Milos,G-Morozevich,A Internet 2000.}) 9. cxd5 exd5 10. Nc3 ({The main
alternative is} 10. Be3 Qc7 11. exd5 Nxd5 12. Bc5 Be6 13. Na3 (13. Bxe7 Qxe7 $1
(13... Ncxe7 14. Nd4 Bd7 15. Na3 O-O 16. Re1 Qf4 17. Re4 Qf6 $11 {Wehmeier,
S-Illner,A Germany 2008}) 14. Qf3 O-O $15) 13... O-O 14. Nb5 Qd7 (14... Qf4 15.
Bxe7 Ndxe7 $13 {Dworakowska,J-Arakhamia Grant,K Leon 2001}) 15. Rc1 Nf4 16. Bc4
Qxd1 17. Rfxd1 Rfd8 $11 {.}) 10... Be6 $6 ({A novelty. Simpler is} 10... dxe4
11. Nxe4 O-O 12. Qe2 Nd4 (12... Rd8 $5 13. Be3 Qc7 14. Nxf6+ Bxf6 15. Rfd1 Qe5
$11) 13. Nxd4 Qxd4 {and Black is fine, as in Timoshenko,G-Epishin,V Tbilisi
1989.}) 11. exd5 Nxd5 12. Nxd5 Bxd5 13. Be3 $6 ({I think here White could gain
the upper hand with} 13. Re1 Qd8 14. Qg4 $1 (14. Bg5 O-O $11) 14... O-O 15. Bh6
Bf6 16. Rad1 {.}) 13... Qb4 $1 {Probably White missed this strong and
energetic move, which allows Black to obtain even play.} 14. Qc2 ({An
invitation to a draw. If White wanted to continue he should go for} 14. Re1
O-O-O (14... O-O $2 15. Qh5 $18) 15. Bd2 Qh4 {when a sharp battle is on the
cards.}) 14... Bxg2 {Accepted!} 15. Kxg2 Qg4+ 16. Kh1 Qf3+ 17. Kg1 Qg4+ 1/2-1/2

[Event "Stuttgart-chA int"]
[Site "Ditzingen"]
[Date "2005.05.07"]
[Round "6"]
[White "Meijers, Viesturs"]
[Black "Schebler, Gerhard"]
[Result "1-0"]
[WhiteElo "2486"]
[BlackElo "2500"]
[Annotator "Gutman,L"]
[PlyCount "79"]
[EventDate "2005.05.05"]
[EventType "swiss"]
[EventRounds "7"]
[EventCountry "GER"]
[SourceTitle "CBM 106 Extra"]
[Source "ChessBase"]
[SourceDate "2005.07.01"]
[SourceVersion "1"]
[SourceVersionDate "2005.07.01"]
[SourceQuality "1"]

1. e4 c5 2. Nf3 Nc6 3. d4 cxd4 4. Nxd4 e5 5. Nb5 d6 6. N1c3 a6 7. Na3 b5 8. Nd5
Nce7 9. c4 Nxd5 10. exd5 Be7 (10... bxc4 11. Nxc4 Nf6 12. Be3 Rb8 13. Qa4+ $5
Qd7 14. Qxd7+ Nxd7 15. Be2 Be7 16. O-O f5 17. f4 e4 18. Rac1 O-O 19. b3 Bb7 20.
Na5 Bxd5 21. Rc7 {ergab weißen Vorteil in Landa- Lautier, Blitzpartie 2004.})
11. cxb5 Nf6 12. Bc4 O-O 13. bxa6 $5 ({In allen mir bekannten Partien wurde} 
13. O-O {bevorzugt, wobei Schwarz sich behaupten konnte.}) 13... Bxa6 14. O-O
Qa5 ({Falls} 14... Bxc4 15. Nxc4 Qc7 {, so} 16. b3 Qb7 17. Bg5 Nxd5 18. Bxe7
Nf4 19. f3) ({und} 14... Qc8 15. Qd3 e4 16. Qd4 Qf5 17. Re1 Bd8 18. Bd2 Rb8 19.
Bc3 Bb6 20. Qd2 e3 21. fxe3 Ne4 22. Qe2 Nxc3 23. bxc3 Bc5 24. Bxa6 Bxa3 25.
Rad1 {reicht ebenfalls nicht aus.}) 15. Bd2 (15. b3 Bxc4 16. Nxc4 Qxd5 17. Qxd5
Nxd5 18. Bd2 $14) 15... Qb6 $6 ({Die kritische Folge besteht in} 15... Qc7 16.
Qb3 ({oder} 16. b3 Bxc4 17. Nxc4 Nxd5 18. Qf3 Nf6 19. Bg5) 16... Bxc4 (16...
Rfb8 17. Nb5) 17. Nxc4 Rfb8 18. Qd3 Rb5 19. Rfc1 Rxd5 20. Qe2 Qb7 21. a4 $14)
16. Qb3 Qd4 (16... Qxb3 17. axb3 Bb7 18. Bg5 Rab8 19. Rfd1) 17. Rfd1 Bxc4 18.
Nxc4 Rfb8 19. Bb4 Qh4 20. a3 $16 Ne4 21. f3 Nf6 22. Qd3 Nh5 23. Be1 Qg5 24. Bd2
Nf4 25. Bxf4 Qxf4 26. b4 f5 27. Rab1 Rf8 28. b5 Ra4 29. Rdc1 Rc8 30. g3 Qg5 31.
b6 Rb8 32. b7 (32. Qb3 Ra6 33. b7 {scheint einfacher zu sein.}) 32... Rxb7 33.
Nxe5 Rxb1 34. Rxb1 dxe5 35. d6 Rd4 36. dxe7 Kf7 37. e8=Q+ Kxe8 38. Qb5+ Kf8 39.
Qxe5 Rd8 40. Re1 1-0